01658nam a2200157 a 4500008004100000020001800041041000800059100002600067245010900093250001100202260003300213300002200246500014200268505106600410655002401476011117t2015 ag |||g |||| 000 0 spa d a9789877230390 aspa1 aGil Mariño, Cecilia 3aEl mercado del deseo.bTango, cine y cultura de masas en la Argentina de los '30 /cCecilia Gil Mariño a1a ed. aBuenos Aires:bTeseo;c2015. a174 p.c20x13 cm. aGil Mariño, C. (2015). El mercado del deseo. Tango, cine y cultura de masas en la Argentina de los '30. (1a ed.). Buenos Aires : Teseo. aComo vector de la nacionalización y popularización del cine, el tanto permitió enlazar las ideas de la argentinidad y la modernidad. Apareció en escena un tanto moderno con nuevos escenarios y personajes. Ese pasaje del arrabal a la compañía de broadcasting legitimo un verosímil de ascenso social para los sectores populares. A los compadritos y milonguitas de antaño, se sumaban hombres y mujeres "trabajadores" que soñaban con triunfar en la radio. Así, estas representaciones respondieron a una lógica industrial, convirtiendo al cine en una suerte de ventana abierta al mundo de las industrias culturales. El cine en si mismo encontró un modelo "posible". Frente a la poca inversión estatal, los empresarios del cine buscaron maximizar sus recursos y diversificar sus negocios en una red de consumos culturales. A la política del sistema de estrellas, se añadía la de "nuevos talentos", que fortalecía un círculo virtuoso del consumo para un nuevo tipo de espectador que adoptaba nuevas prácticas de consumo cultural.  aEstudios culturales